| 000 | 01076nas a2200349 4500 | ||
|---|---|---|---|
| 001 | BR0203860 | ||
| 003 | BR-BrBNA | ||
| 005 | 20231205103138.0 | ||
| 007 | ta | ||
| 008 | 230509b bl.|||p| |||| 00| 00por d | ||
| 040 |
_aBR-BrBNA _bpor _cBiblioteca Nacional de Agricultura |
||
| 041 | _a(Pt) | ||
| 072 | _aL51; Q54 | ||
| 100 | 1 | _aSilva, R.M.N. da | |
| 100 | 1 | _aValadares, R.F.D. | |
| 100 | 1 | _aValadares Filho, S. de C. | |
| 100 | 1 | _aCecon, P.R. | |
| 100 | 1 | _aCampos, J.M. de S. | |
| 100 | 1 | _aOliveira, G.A. de | |
| 100 | 1 | _aOliveira, A.S. | |
| 245 | 1 | _aUréia para vacas em lactação. 1: consumo, digestibilidade, produção e composição do leite | |
| 650 | _aVACA LEITEIRA | ||
| 650 | _aURÉIA | ||
| 650 | _aDIETA | ||
| 650 | _aPRODUÇÃO LEITEIRA | ||
| 650 | _aDIGESTIBILIDADE | ||
| 650 | _aCOMPOSIÇÃO DE ALIMENTO | ||
| 650 | _aCOMPOSTO NITROGENADO | ||
| 773 | 0 |
_tRevista Brasileira de Zootecnia (Brazil) _xISSN 1516-3598 _g(Sep-Oct 2001), v. 30(5) p. 1639-1649 _wBR0203860 |
|
| 909 |
_a202311 _bLúcia _c55 _dLúcia Elande |
||
| 942 |
_2AGRIS _n0 _cANA |
||
| 999 |
_c171324 _d171324 |
||